000 00354nam a2200145 a 4500
001 4140
005 20140414132036.0
008 090218s19uu xx 00 eng d
050 _aTR
_bFr87 2004
245 _aFreddie:
_bthe fire engine.
260 _aEngland :
_bBrown Watson,
_c2004.
300 _a10
650 _aFiretruck-
_xfiction
999 _c113721
_d113721